How to make poverty history : the central role of local organizations in meeting the MDG's (Record no. 76375)

MARC details
000 -LEADER
fixed length control field 01040nam a2200205 a 4500
008 - FIXED-LENGTH DATA ELEMENTS--GENERAL INFORMATION
fixed length control field 100121s2005 ||||||||||||||||| || u
020 ## - INTERNATIONAL STANDARD BOOK NUMBER
International Standard Book Number 1843695618
050 ## - LIBRARY OF CONGRESS CALL NUMBER
Classification number IIED(02)
100 ## - MAIN ENTRY--PERSONAL NAME
Personal name Satterthwaite, David
245 10 - TITLE STATEMENT
Title How to make poverty history : the central role of local organizations in meeting the MDG's
Statement of responsibility, etc. Edited by Tom Bigg and David Satterthwaite
260 ## - PUBLICATION, DISTRIBUTION, ETC.
Place of publication, distribution, etc. London:
Name of publisher, distributor, etc. International Institute for Environment and Development
Date of publication, distribution, etc. 2005
300 ## - PHYSICAL DESCRIPTION
Extent x, 184 pages : illustrations
350 ## -
-- 0.00
650 ## - SUBJECT ADDED ENTRY--TOPICAL TERM
Topical term or geographic name entry element POOR--RESEARCH--DEVELOPING COUNTRIES
650 ## - SUBJECT ADDED ENTRY--TOPICAL TERM
Topical term or geographic name entry element POVERTY--ECONOMIC HISTORY
700 ## - ADDED ENTRY--PERSONAL NAME
Personal name Bigg, Tom
710 ## - ADDED ENTRY--CORPORATE NAME
Corporate name or jurisdiction name as entry element International Institute for Environment and Development (IIED)
995 ## -
-- SPECIAL COLLECTIONS
-- 0.00
-- 03006677
-- CBU-MAIN LIBRARY (Kitwe)
-- 1
-- 0.00
-- IIE(02)2005/1A
-- 2
-- AVAILABLE
-- Jun 28, 2010
-- 03006677
-- International Publications
995 ## -
-- SPECIAL COLLECTIONS
-- 0.00
-- 03006679
-- CBU-MAIN LIBRARY (Kitwe)
-- 1
-- 0.00
-- IIED(02)2005/1B
-- 3
-- AVAILABLE
-- Jun 28, 2010
-- 03006679
-- International Publications
999 ## -
-- 76375
-- 76375
Holdings
Withdrawn status Lost status Source of classification or shelving scheme Damaged status Not for loan Permanent Location Current Location Shelving location Date acquired Total Checkouts Full call number Barcode Date last seen Copy number Price effective from Koha item type
          CBU-MAIN LIBRARY, KITWE. CBU-MAIN LIBRARY, KITWE.   04/25/2023   IIED(02) 03006677 04/25/2023 1 04/25/2023 SPECIAL COLLECTION
          CBU-MAIN LIBRARY, KITWE. CBU-MAIN LIBRARY, KITWE.   04/25/2023   IIED(02) 03006679 04/25/2023 2 04/25/2023 SPECIAL COLLECTION